000 01117nam a2200205Ia 4500
003 Ost
005 20260507075053.0
008 260507s9999||||xx |||||||||||||| ||und||
040 _cfsecg
041 _aara
082 _a330.15
100 _aالمان، محمد الشريف
_eمؤلف
245 0 _aمحاضرات في التحليل الاقتصادي الكلي :
_bنظريات ونماذج التوازن واللاتوازن /
_c محمد الشريف المان
260 _aالجزائر:
_bمنشورات برتي,
_c1994
300 _a361 صفحة؛
_bإيضاحات ؛
_c23 سم
504 _aالمراجع ص.358
520 _aالنموذج الكلاسيكي في التوازن الاقتصادي الكلي، النموذج الكينزي البسيط في التوازن الاقتصادي الكلي، التوازن المتزامن لسوق السلع والخدمات والنقد، النظرية "الاندماجية" أو مظرية اللاتوازن الاقتصادي الكلي: النموذج المرجعي
653 _aالإقتصاد التحليلي
942 _cكتاب
999 _c42685
_d42685